Podpora elektromobility v zákone dani z príjmov od 1. januára 2025
V rámci tzv. konsolidačných opatrení schválených zákonom č. 278/2024 z. z., ktorým sa menia a dopĺňajú niektoré zákony v súvislosti s ďalším zlepšovaním stavu verejných financií sa v článku III. menia a dopĺňajú ustanovenia zákona č. 595/2003 z. z. o dani z príjmov v z. n. p. Špecifickou skupinou úp...
Salvato in:
| Autore principale: | |
|---|---|
| Natura: | Capitolo di libro |
| Lingua: | slovacco |
| Soggetti: | |
| Tags: |
Nessun Tag, puoi essere il primo ad aggiungerne!!
|
MARC
| LEADER | 00000naa a2200000 4500 | ||
|---|---|---|---|
| 001 | 0306754 | ||
| 005 | 20250204091121.8 | ||
| 041 | 0 | |a slo | |
| 044 | |a SK | ||
| 245 | 1 | 0 | |a Podpora elektromobility v zákone dani z príjmov od 1. januára 2025 |c Miroslava Brnová |
| 520 | |a V rámci tzv. konsolidačných opatrení schválených zákonom č. 278/2024 z. z., ktorým sa menia a dopĺňajú niektoré zákony v súvislosti s ďalším zlepšovaním stavu verejných financií sa v článku III. menia a dopĺňajú ustanovenia zákona č. 595/2003 z. z. o dani z príjmov v z. n. p. Špecifickou skupinou úprav sú aj úpravy zákona, ktoré majú podporiť elektromobilitu na území SR. | ||
| 610 | 2 | 0 | |a elektromobilita |
| 610 | 2 | 0 | |a dane z príjmov |
| 610 | 2 | 0 | |a konsolidácia |
| 610 | 2 | 0 | |a financie verejné |
| 610 | 2 | 0 | |a zákony |
| 610 | 2 | 0 | |a legislatíva |
| 100 | 1 | |a Brnová, Miroslava | |